2018 FIFA World Cup Japanese Members - Statistics

General Stats
  • This quiz has been taken 51 times
  • The average score is 13 of 23
Answer Stats
Hint Answer % Correct
MF 4 Keisuke Honda
95%
MF 10 Shinji Kagawa
92%
MF 14 Takashi Inui
79%
GK 1 Eiji Kawashima
77%
DF 5 Yuto Nagatomo
77%
FW 9 Shinji Okazaki
72%
DF 22 Maya Yoshida
69%
FW 15 Yuya Osako
69%
DF 21 Gotoku Sakai
67%
DF 19 Hiroki Sakai
67%
MF 17 Makoto Hasebe
64%
MF 8 Genki Haraguchi
59%
DF 3 Gen Shoji
51%
MF 7 Gaku Shibasaki
49%
DF 6 Wataru Endo
49%
GK 23 Kosuke Nakamura
46%
FW 13 Yoshinori Muto
46%
MF 16 Hotaru Yamaguchi
44%
GK 12 Masaaki Higashiguchi
38%
MF 11 Takashi Usami
38%
DF 2 Naomichi Ueda
36%
MF 18 Ryota Oshima
31%
DF 20 Tomoaki Makino
31%
No matching quizzes found
Score Distribution
Percent of People with Each Score
Percentile by Number Answered
Your Score History
You have not taken this quiz